00576nam a2200181Ia 4500008004100000082000800041100002400049245009800073250000600171260003200177300001700209500002400226650001000250700002000260942000700280952009000287999001700377230524s9999 xx 000 0 und d bKAD aL.R.Kadyali 942831 0aPrinciples and Practices Highway Engineering : Including Expressways And Airport Engineering) a3 aNew DelhibKhanna Pubc2015 a"XXII,866p;" aQuantity Number: 1 aCivil a N.B.Lal942832 cBK 00104070aTATCLbTATCLcGENd2023-05-24l0o KADp54116r2023-05-24w2023-05-24yBK c57804d57804